000 00453nam a2200145Ia 4500
008 100122s9999 xx 000 0 und d
082 _b17184
_aNill
100 _aघारे रा अ
245 _a100 विनोदी चित्रे
260 _bउद्यम प्रकाशन
_c1960
300 _a100
630 _a100 विनोदी चित्रे
730 _a100 विनोदी चित्रे
942 _cBOOK
999 _c406984
_d406981